000 00519nam a2200193Ia 4500
005 20260429112120.0
008 260429s9999||||xx |||||||||||||| ||und||
020 _a9788126530250
041 _aEnglish
082 _a615.19
_bWAL
100 _aWalsh, Gary
245 0 _aPharmaceutical biotechnology :
_bconcepts and applications /
_cGary Walsh
250 _a1st ed.
260 _aNew Delhi :
_bWiley,
_c2025.
300 _axviii, 480 p.; pbk
650 _a Pharmaceutics
650 _aBiotechnolgy
942 _cTB
999 _c52430
_d52430